| 000 | 00736nam a2200253 i 4500 | ||
|---|---|---|---|
| 001 | Rebiun26956728 | ||
| 003 | AR-RoIUNI | ||
| 005 | 20230328143633.0 | ||
| 007 | ta | ||
| 008 | 190226s2019 mx a 000 0 spa d | ||
| 020 | _a9781456263133 | ||
| 040 |
_aUGR _cIUNIR |
||
| 080 | _a616-083 MAN | ||
| 245 | 1 | 0 |
_aManual de medicina de urgencias _cRita K. Cydulka ... [et al.] |
| 246 | 3 | _aTintinalli Manual de medicina de urgencias | |
| 250 | _a8a. ed. | ||
| 260 |
_aMéexico D.F. _bMcGraw-Hill Education, _c2018 |
||
| 300 |
_aXVII, 1070 p. _bil. _c21 cm. |
||
| 650 | 1 | 0 |
_aUrgencias _9176 |
| 650 | 1 | 4 | _aMedicina de urgencia |
| 700 | 1 |
_aTintinalli, Judith E., _ecolaborador |
|
| 700 | 1 |
_aCydulka, Rita K., _eautor |
|
| 942 |
_2cdu _cBK |
||
| 999 |
_c5523 _d5523 |
||